Zametki o novom turkmensko-russkom slovare recenziâ /

Elmentve itt :
Bibliográfiai részletek
Szerző: Levitskaâ Liâ Sergeevna
Dokumentumtípus: Cikk
Megjelent: 1969
Sorozat:Izvestiâ Akademii nauk Turkmenskoj SSR : Ser. obŝ. nauk
Kulcsszavak:Türkmén-orosz szótár - könyvismertetés
Tárgyszavak:
Online Access:http://misc.bibl.u-szeged.hu/63577
LEADER 00830nab a2200229 i 4500
001 misc63577
005 20230125145703.0
008 220524s1969 hu o 0|| rus d
040 |a SZTE Miscellanea Repozitórium  |b hun 
041 |a rus 
100 1 |a Levitskaâ Liâ Sergeevna 
245 1 0 |a Zametki o novom turkmensko-russkom slovare   |h [elektronikus dokumentum] :  |b recenziâ /  |c  Levitskaâ Liâ Sergeevna 
260 |c 1969 
300 |a 82-84  |c 25 cm 
300 |a [3] p.  |c 25 cm 
490 0 |a Izvestiâ Akademii nauk Turkmenskoj SSR : Ser. obŝ. nauk 
561 |a Németh Gyula hagyaték 
591 |a NOA 3142 
650 4 |a Bölcsészettudományok 
650 4 |a Nyelvek és irodalom 
695 |a Türkmén-orosz szótár - könyvismertetés 
856 4 0 |u http://misc.bibl.u-szeged.hu/63577/1/3142_noa_l62.pdf  |z Dokumentum-elérés